Polytechnic engineering physics: (Record no. 23544)

MARC details
000 -LEADER
fixed length control field 01043nam a2200241 a 4500
005 - DATE AND TIME OF LATEST TRANSACTION
control field 19890424000000.0
008 - FIXED-LENGTH DATA ELEMENTS--GENERAL INFORMATION
fixed length control field 811124s1979 ii b s000 0 eng
010 ## - LCCN (DPL NO)
LC control number ENG-92950
020 ## - INTERNATIONAL STANDARD BOOK NUMBER
Terms of availability 60.00
035 ## - SYSTEM CONTROL NUMBER
System control number EN-76483
037 ## - SOURCE OF ACQUISITION
Source of stock number/acquisition DBAD / PUB
040 ## - CATALOGING SOURCE
Original cataloging agency dpl
Language of cataloging English
082 ## - DEWEY DECIMAL CLASSIFICATION NUMBER
Classification number 530.2462
100 ## - MAIN ENTRY--PERSONAL NAME
Personal name Theyvaraju, D.
110 ## - MAIN ENTRY--CORPORATE NAME
Corporate name or jurisdiction name as entry element Maharashtra State Law Commission.
245 ## - TITLE STATEMENT
Title Polytechnic engineering physics:
Statement of responsibility, etc by D. Theyvaraju
Remainder of title (for basic engineering course) /
260 ## - PUBLICATION, DISTRIBUTION, ETC. (IMPRINT)
Place of publication, distribution, etc Madurai
Name of publisher, distributor, etc Radha Publications
Date of publication, distribution, etc 2008
270 ## - ADDRESS
Address 4/167, Mullai Street, Kurinji Nagar, Reserve Line Post,
City Madurai
Postal code 625014
300 ## - PHYSICAL DESCRIPTION
Extent 108p.
Dimensions 20cm (pbk)
942 ## - ADDED ENTRY ELEMENTS (KOHA)
Source of classification or shelving scheme Dewey Decimal Classification
Item type English Books
Call number suffix THE
Classification part 530.2462
Holdings
Withdrawn status Lost status Source of classification or shelving scheme Damaged status Not for loan Collection code Home library Current library Date acquired Source of acquisition Cost, normal purchase price Total Checkouts Full call number Barcode Date last seen Copy number Cost, replacement price Koha item type
    Dewey Decimal Classification   Not For Loan Non-fiction D.B.Act.Division D.B.Act.Division 12/02/2009 DBAD / PUB 60.00   530.2462 THE EN-76483 12/02/2009 1 60.00 English Books
    Dewey Decimal Classification     Non-fiction Vinoba Puri Vinoba Puri 05/03/2009   60.00 14 530 THE B-317785 08/07/2015 1 60.00 English Books

© Delhi Public Library
Hit Counter
free hit counter